Simulating an oilshock sticky prices (Registro nro. 26815)

Detalles MARC
000 -LEADER
fixed length control field 00400 a2200133 4500
001 - CONTROL NUMBER
control field ART_13776
005 - DATE AND TIME OF LATEST TRANSACTION
control field 20260410161911.0
008 - FIXED-LENGTH DATA ELEMENTS--GENERAL INFORMATION
fixed length control field 260409a
100 1# - MAIN ENTRY--PERSONAL NAME
Personal name Giavazzi, Francesco
245 10 - TITLE STATEMENT
Title Simulating an oilshock sticky prices
700 1# - ADDED ENTRY--PERSONAL NAME
Personal name Odekon, Mehmet
700 1# - ADDED ENTRY--PERSONAL NAME
Personal name Wyplosz, Charles
773 0# - HOST ITEM ENTRY
Title European economic review
Related parts - Vol. 18, Nº 1/2 (may./jun. 1982)
Record control number REV13346

No hay ítems disponibles.